Entrepreneurship in the Raw Materials Sector : Proceedings of the LIMBRA International Scientific Conference.

Bibliographic Details
Main Author: Bartha, Zoltán.
Other Authors: Szép, Tekla., Lipták, Katalin., Szendi, Dóra.
Format: eBook
Language:English
Published: Milton : Taylor & Francis Group, 2022.
Edition:1st ed.
Subjects:
Online Access:Click to View
LEADER 01582nam a22003853i 4500
001 EBC7245096
003 MiAaPQ
005 20231204023229.0
006 m o d |
007 cr cnu||||||||
008 231204s2022 xx o ||||0 eng d
020 |a 9781000597714  |q (electronic bk.) 
020 |z 9781032195964 
035 |a (MiAaPQ)EBC7245096 
035 |a (Au-PeEL)EBL7245096 
035 |a (OCoLC)1378938075 
040 |a MiAaPQ  |b eng  |e rda  |e pn  |c MiAaPQ  |d MiAaPQ 
100 1 |a Bartha, Zoltán. 
245 1 0 |a Entrepreneurship in the Raw Materials Sector :  |b Proceedings of the LIMBRA International Scientific Conference. 
250 |a 1st ed. 
264 1 |a Milton :  |b Taylor & Francis Group,  |c 2022. 
264 4 |c {copy}2022. 
300 |a 1 online resource (183 pages) 
336 |a text  |b txt  |2 rdacontent 
337 |a computer  |b c  |2 rdamedia 
338 |a online resource  |b cr  |2 rdacarrier 
588 |a Description based on publisher supplied metadata and other sources. 
590 |a Electronic reproduction. Ann Arbor, Michigan : ProQuest Ebook Central, 2023. Available via World Wide Web. Access may be limited to ProQuest Ebook Central affiliated libraries.  
655 4 |a Electronic books. 
700 1 |a Szép, Tekla. 
700 1 |a Lipták, Katalin. 
700 1 |a Szendi, Dóra. 
776 0 8 |i Print version:  |a Bartha, Zoltán  |t Entrepreneurship in the Raw Materials Sector  |d Milton : Taylor & Francis Group,c2022  |z 9781032195964 
797 2 |a ProQuest (Firm) 
856 4 0 |u https://ebookcentral.proquest.com/lib/matrademy/detail.action?docID=7245096  |z Click to View